000
00241nam a22000857a 4500
008
160705b xxu||||| |||| 00| 0 eng d
100
_9
2276
_a
Barnhart, C.L., et al
245
_a
The American College Dictionary
260
_a
N.Y
_b
Random House
_c
1966
999
_c
1958
_d
1958